[Event "Canadian op U1600 48th"]
[Site "Toronto"]
[Date "2011.07.14"]
[Round "6"]
[White "McRoberts, Julian"]
[Black "Milicevic, Ljudmila"]
[Result "1-0"]
[WhiteElo "1492"]
[BlackElo "1048"]
[PlyCount "105"]
[EventDate "2011.07.09"]
[EventType "swiss"]
[EventRounds "9"]
[EventCountry "CAN"]
[SourceTitle "EXT 2022"]
[Source "ChessBase"]
[SourceDate "2021.10.06"]
[SourceVersion "1"]
[SourceVersionDate "2021.10.06"]
[SourceQuality "1"]

1. e4 e5 2. Nf3 Nc6 3. d4 exd4 4. Nxd4 Qh4 5. Nxc6 Qxe4+ 6. Qe2 Qxe2+ 7. Bxe2 dxc6 8. Nc3 Bc5 9. Ne4 Bd6 10. Nxd6+ cxd6 11. Bf4 d5 12. c4 dxc4 13. Bxc4 Nf6 14. 0-0 0-0 15. Bd6 Re8 16. f3 Bd7 17. Rfe1 b5 18. Bb3 Be6 19. Bxe6 Rxe6 20. Rxe6 fxe6 21. a4 Re8 22. axb5 cxb5 23. Rxa7 Rd8 24. Be5 Rd5 25. f4 h6 26. Re7 Ne4 27. h3 Nc5 28. Rxg7+ Kf8 29. Rh7 Nd3 30. Rxh6 Kf7 31. Kh2 Nxe5 32. fxe5 Rxe5 33. Rh7+ Kg6 34. Rb7 Rd5 35. Rb6 Kf6 36. Kg3 Rg5+ 37. Kh2 Re5 38. h4 Kg6 39. Kg3 Kf6 40. Rb8 Kg7 41. Kf4 Rf5+ 42. Kg4 Re5 43. g3 Kf7 44. h5 Kg7 45. Kh4 Kh6 46. g4 Kg7 47. Kg3 Kh6 48. Kf4 Rd5 49. Rg8 Kh7 50. Rg6 Rd6 51. Ke5 Rb6 52. Rxe6 Rb7 53. Kf6 1-0

[Event "CAN-ch U08 Girls"]
[Site "Victoria"]
[Date "2009.07.21"]
[Round "1"]
[White "Milicevic, Ljudmila"]
[Black "Liu, Jiaxin"]
[Result "0-1"]
[WhiteElo "708"]
[BlackElo "847"]
[PlyCount "60"]
[EventDate "2009.07.21"]
[EventType "tourn"]
[EventRounds "5"]
[EventCountry "CAN"]
[SourceTitle "EXT 2011"]
[Source "ChessBase"]
[SourceDate "2010.11.26"]
[SourceVersion "1"]
[SourceVersionDate "2010.11.26"]
[SourceQuality "1"]

1. e4 e5 2. Nf3 Nc6 3. Bc4 Bc5 4. 0-0 Nf6 5. d4 exd4 6. e5 Ne4 7. Bg5 Nxg5 8. a3 Nxf3+ 9. Qxf3 0-0 10. Qg3 d6 11. Bd3 Nxe5 12. Be4 Be6 13. Nd2 c6 14. f4 Nc4 15. Nf3 d5 16. Bxh7+ Kxh7 17. Ng5+ Kg8 18. Qh4 Bf5 19. g4 Be4 20. Rae1 d3+ 21. Rf2 Bxf2+ 22. Qxf2 Bg6 23. cxd3 Bxd3 24. Qh4 Qd6 25. f5 Qh6 26. Qg3 Qxg5 27. h4 Qd2 28. g5 Rfe8 29. Rxe8+ Rxe8 30. Qg4 Re1# 0-1